000
00330nam a22001217a 4500
040
_c
SY
082
_a
330
100
_a
អ៊ូ វ័ឌី
245
_a
ភូមិវិទ្យាសេដ្ឋកិច្ចកម្ពូជានិងអាស៊ាន
260
_a
NA
_b
អ៊ូ
_c
NA
300
_a
61p.
942
_c
KB
999
_c
9688
_d
9688